000
00310nam a22001217a 4500
008
160423b xxu||||| |||| 00| 0 eng d
020
_a
9789996002328
020
_a
0721602215
041
_a
eng
080
_a
618.2
245
_a
Medical surgical nursing:
_c
Joyce M. Blacka; Jane Hokanson Hawks;
942
_2
udc
_c
BK
999
_c
1552
_d
1552